| 000 | 05271nam a22006257a 4500 | ||
|---|---|---|---|
| 005 | 20080807165040.0 | ||
| 008 | 080807t xxu||||| |||| 00| 0 eng d | ||
| 010 | _aB-282581-612 B-421015 | ||
| 020 |
_a0439579767 _c125.00 |
||
| 035 | _aB-282581-612 B-421015 | ||
| 040 |
_aDPL _bEN |
||
| 082 | _aN | ||
| 100 |
_aDyer, Heather _921134 |
||
| 245 |
_aThe fish in room II / _cby Heather Dyer |
||
| 260 |
_b Scholastic Inc. _c2008(repr.). _aNew York |
||
| 270 |
_a557 Broadway _bNew York |
||
| 270 |
_a550 A, Pace City-II, Sector - 37, (Vender) _bGurgaon _e122004 _k2212432 |
||
| 300 |
_a158p.: _c20 cm (pbk) _bill. |
||
| 942 |
_cCH _hN _2ddc _mDYE |
||
| 999 |
_c13545 _d13545 |
||